000 00498nam a22001817a 4500
005 20260423161044.0
008 260423b |||||||| |||| 00| 0 eng d
037 _cDSWL
040 _aDSWL
_cDSWL
041 _heng
100 _aFish, Jenifer N
_91235576
245 _aDomestic workers of the world unite
260 _aNew Delhi,
_bSage Publication,
_c2018
300 _a291p
365 _aINR
_b895
942 _2CC
_cTEXL
_n0
999 _c1848455
_d1848455